MDQL
is popping MORE tags! Check the
thread
!
Quizzes
Events
Quiz Creation
Community
Videos
Private Events
Remove Ads
Sign In
Join for FREE
Feedback
Dark Mode
Quiz Categories
Sports
Geography
Music
Movies
Television
Just For Fun
Miscellaneous
History
Literature
Language
Science
Gaming
Entertainment
Religion
Holiday
For Kids
Quiz Lab
Recent
Popular Today
Quiz Kudos Today
Editor Picks
Curator Picks
Quizzes by...
Day
Popularity
Type
Ratings
Length
Year
Community
Subscriptions
Recent Discussions
Orange Saloon
Badges
Playlists
Quests
Create
Leaderboards
Showdown
Live 5
Trivia Bingo
Activity
Puzzle Library
Sporcle Events
Private Events
Virtual Trivia
Globe League
Become a Host
Pub Owners
SporcleCon
Opinionation
Our Games
Videos
Blog
Mobile Apps
Partnerships
Remove Ads and Go Orange
Feedback
Miscellaneous
Crossword
General Knowledge
Baby Names
Logo
Food
Cars
Numbers
Grab Bag
University
College
Popular
Company
Slogans
Restaurants
Justice
Letter
Miscellaneous
Crossword
General Knowledge
Baby Names
Logo
Food
Cars
Numbers
Grab Bag
University
College
Popular
Company
Slogans
Restaurants
Justice
Letter
Random Quiz
Search Sporcle
×
Quiz Lab
Quiz Lab
Miscellaneous
model
Type in answers that appear in a list
Type in answers that appear in a list
Classic
Best Score? Go Orange.
Model Name and Make Stats
Can you name the make of these models??
By
careohline
8m
96 Questions
88 Plays
88 Plays
88 Plays
Comments
Comments
Give Quiz Kudos
Give Quiz Kudos
-
- Ratings
hide this ad
More Info
Forced Order
Answers have to be entered in order
Answers have to be entered in order
Random Order
Randomize order of answers
Randomize order of answers
Replay
Link that replays current quiz
Next Quiz
Link to next quiz in quiz playlist
You Got
0%
They Got
Avg Score
66%
Avg Friend Score
Upgrade to see
Score Distribution
Jump to the score distribution portion of the page
Score
0/96
Timer
08:00
0
Plays Today
Model
Make
% Correct
Beetle
Volkswagen
89.8%
Civic
Honda
87.5%
Focus
Ford
86.4%
Accord
Honda
86.4%
Corolla
Toyota
84.1%
Taurus
Ford
84.1%
Mustang
Ford
83%
Wrangler
Jeep
83%
Camry
Toyota
81.8%
Prius
Toyota
81.8%
Explorer
Ford
81.8%
Maxima
Nissan
81.8%
Jetta
Volkswagen
81.8%
Escape
Ford
80.7%
CR-
V
Honda
80.7%
Element
Honda
80.7%
Altima
Nissan
80.7%
Malibu
Chevrolet
80.7%
Silverado
Chevrolet
80.7%
Celica
Toyota
79.5%
Thunderbird
Ford
79.5%
Expedition
Ford
79.5%
Fusion
Ford
79.5%
F-
150
Ford
79.5%
Tahoe
Chevrolet
79.5%
Suburban
Chevrolet
79.5%
Pilot
Honda
78.4%
Impala
Chevrolet
78.4%
Cobalt
Chevrolet
78.4%
Cherokee
Jeep
78.4%
RAV-
4
Toyota
77.3%
Tundra
Toyota
77.3%
Model
Make
% Correct
Odyssey
Honda
76.1%
Pathfinder
Nissan
76.1%
Xterra
Nissan
75%
Sentra
Nissan
75%
Trailblazer
Chevrolet
75%
Tacoma
Toyota
73.9%
Passat
Volkswagen
73.9%
Corvette
Chevrolet
73.9%
Camaro
Chevrolet
73.9%
Sequoia
Toyota
72.7%
Bronco
Ford
72.7%
Avalanche
Chevrolet
72.7%
PT Cruiser
Chrysler
72.7%
Charger
Dodge
71.6%
Monte Carlo
Chevrolet
70.5%
Viper
Dodge
70.5%
Murano
Nissan
69.3%
Caravan
Dodge
69.3%
Highlander
Toyota
68.2%
Flex
Ford
68.2%
Liberty
Jeep
68.2%
El Camino
Chevrolet
67%
Edge
Ford
65.9%
Versa
Nissan
65.9%
Equinox
Chevrolet
65.9%
Nova
Chevrolet
65.9%
Sebring
Chrysler
65.9%
Supra
Toyota
64.8%
Intrepid
Dodge
64.8%
Grand Torino
Ford
63.6%
Titan
Nissan
63.6%
Contour
Ford
62.5%
Model
Make
% Correct
Crown Victoria
Ford
62.5%
Fit
Honda
62.5%
Challenger
Dodge
62.5%
Quest
Nissan
61.4%
Magnum
Dodge
61.4%
Ridgeline
Honda
60.2%
Astro
Chevrolet
60.2%
Pacifica
Chrysler
59.1%
Land Cruiser
Toyota
58%
Traverse
Chevrolet
58%
Crossfire
Chrysler
58%
Patriot
Jeep
58%
Lancer
Mitsubishi
58%
Outback
Subaru
58%
Galant
Mitsubishi
56.8%
Echo
Toyota
54.5%
Armada
Nissan
54.5%
Eclipse
Mitsubishi
54.5%
Cube
Nissan
53.4%
Rogue
Nissan
52.3%
Forester
Subaru
51.1%
Frontier
Nissan
48.9%
Voyager
Chrysler
48.9%
Commander
Jeep
48.9%
Mirage
Mitsubishi
47.7%
Compass
Jeep
46.6%
Legacy
Subaru
42%
Cabrio
Volkswagen
40.9%
Montero
Mitsubishi
38.6%
Outlander
Mitsubishi
33%
Endeavor
Mitsubishi
28.4%
Corrado
Volkswagen
27.3%
Quiz Playlist
Details
Report
Send in Message
Add To Playlist
More Info:
+
Classic:
Type in answers that appear in a list
Forced Order:
Answers have to be entered in order
Random Order:
Randomize order of answers
Last Updated: Feb 16, 2017
Quiz Scoreboard
CHALLENGE
Sign Up to Join the Scoreboard
Show All
Scores
Hide
Comments
May contain spoilers
Recently Published
Holiday 10x10 Sorting Gallery
by lukepisani3
Holiday
15m
Two Season TV Shows II
by 123Four
Television
10m
Image Sorting: Flags VI
by Barbecue
Geography
2m
More to Explore
Quiz From the Vault
Featured Blog Post
14 Easter Pick-up Lines to Find Eggs With
hide this ad
You Might Also Like...
Tags
model
Today's Top Quizzes in Miscellaneous
Browse Miscellaneous
hide this ad
Today's Top Quizzes in model
Browse model
Top Contributed Quizzes in Miscellaneous
1
The JOE quick-fire general knowledge quiz: Day 174
2
9x9 Crossword: Disney Movie Titles
3
5-to-1: Fast Food
4
The JOE quick-fire general knowledge quiz: Day 173
5
9x9 Crossword: Charlie and the Chocolate Factory
6
9x9 Crossword: The Simpsons
7
9x9 Crossword: Flags
8
9x9 Crossword: Actors
9
9x9 Crossword: 2022 Movies
10
9x9 Crossword: Pixar Movie Titles
Explore More
Trending Topics
NBA
Marvel
Kpop
Anime
Harry Potter
Disney
Crossword
Puzzle
Song
Country
WWE
The Office
NFL
Soccer
Pokémon
hide this ad
More By:
careohline
Quiz
Plays
Rating
Category
Featured
Created
90's Throwback Shows
561
2.40
Television
Nov 23, 2009
Model Name and Make
88
5.00
Miscellaneous
Jan 19, 2010
Go to Creator's Profile
Score Distribution
Quiz Creator Spotlight
careohline
Follow
Send a Message
Quizzes Created
-
Created Quiz Play Count
-
More By This Creator
Popular Quizzes Today
1
Find the US States - No Outlines Minefield
2
Colored Red Africa Blitz
3
Find the 'City' Movie
4
The Countries of the World
5
5x2 Blitz: Bands
6
Find the Countries of Europe - No Outlines Minefield
7
Find the US States
8
US States
More Miscellaneous Quizzes
► Matchstick Sculptures
Curator's Pick
Trending Quizzes
Colored Red Europe Blitz I
Colored Red Africa Blitz II
Colored Red Europe Blitz II
Even More Two Season TV Shows
Colored Red Africa Blitz III
Recently Updated
Quick Pick: 20 Twenties
pecheneg
March Madness Men's Triple Doubles
pecheneg
How Do You Spell That?
pecheneg
Godzilla Movies
pecheneg
Grab Bag: 4-10 Letters
pecheneg
2024 March Madness Bracket
pecheneg
Famous TV Couples
Peacemaker
Champions League XIs: Real Madrid
pecheneg
Largest US Cities 1790-2010
pecheneg
Rides in Walt Disney World
pecheneg
Trending Topics
Anime
Harry Potter
Disney
Marvel
Kpop
NBA
Crossword
The Office
Country
Puzzle
Song
WWE
NFL
Soccer
Pokémon
Your Account Isn't Verified!
In order to create a playlist on Sporcle, you need to verify the email address you used during registration. Go to your
Sporcle Settings
to finish the process.
Report this User
Report this user for behavior that violates our
Community Guidelines
.
Details:
Send Report
Go to the Sporcle.com Mobile Site →
Comments